000 00351nam a22001217a 4500
008 180425b xxu||||| |||| 00| 0 eng d
041 _aeng
080 _a043.3
100 _a0
101 _aARK-BA
245 _aEco-Resort-Revitalizimi i Kampit te Femijeve dhe Zhvillimi i Objekteve me Sistem te Parafabrikuar
_cTetaj, D & Zekaj, E
942 _2udc
_cBK
999 _c45494
_d45494